| 000 | 005650000a22001810004500 | ||
|---|---|---|---|
| 003 | MACL | ||
| 005 | 20160529165311.0 | ||
| 008 | 160529b xxu||||| |||| 00| 0 eng d | ||
| 040 |
_aMACL _cMACL |
||
| 041 | _aHindi | ||
| 082 | _a900 DIX | ||
| 100 |
_aदीक्षित, मधुसूदन _950845 |
||
| 245 |
_aभारत के लाल _cमधुसूदन दीक्षित |
||
| 260 |
_bयश पब्लिकेशन्स _c2005 _aइलाहाबाद |
||
| 350 | _a100 | ||
| 650 |
_aHistory _960908 |
||
| 942 |
_cHIN _k900 _2ddc |
||
| 999 |
_c17640 _d17640 |
||